|
|
|
|
| LEADER |
00000nam0a2200000 4500 |
| 001 |
322961 |
| 005 |
20231102003526.0 |
| 035 |
|
|
|a (RuTPU)RU\TPU\book\348519
|
| 090 |
|
|
|a 322961
|
| 100 |
|
|
|a 20161006d1971 k y0rusy50 ca
|
| 101 |
0 |
|
|a rus
|
| 102 |
|
|
|a RU
|
| 105 |
|
|
|a y dm 001zy
|
| 200 |
1 |
|
|a Электрофильное иодирование ароматических и карбонилсодержащих алифатических соединений, синтез и свойства арилиодозокарбоксилатов
|e автореферат диссертации на соискание ученой степени доктора химических наук
|e спец. 02.072
|f А. Н. Новиков
|g Томский государственный университет (ТГУ)
|
| 210 |
|
|
|a Томск
|c [Б. и.]
|d 1971
|
| 215 |
|
|
|a 43 с.
|
| 300 |
|
|
|a Защита сост. в июне 1971 г.
|
| 320 |
|
|
|a Библиогр.: с. 41-43
|
| 371 |
0 |
|
|a For_staff_use
|
| 606 |
1 |
|
|a Иодиды
|x Химия
|2 stltpush
|3 (RuTPU)RU\TPU\subj\75692
|9 87353
|
| 610 |
1 |
|
|a неорганическая химия
|
| 610 |
1 |
|
|a электрофильное иодирование
|
| 610 |
1 |
|
|a ароматические соединения
|
| 610 |
1 |
|
|a карбонилсодержащие соединения
|
| 610 |
1 |
|
|a алициклические соединения
|
| 610 |
1 |
|
|a арилиодозокарбоксилаты
|
| 610 |
1 |
|
|a органические галогениды
|
| 610 |
1 |
|
|a нитрующие смеси
|
| 610 |
1 |
|
|a озон
|
| 610 |
1 |
|
|a энтропия
|
| 610 |
1 |
|
|a серная кислота
|
| 610 |
1 |
|
|a азотная кислота
|
| 610 |
1 |
|
|a нитрогруппа
|
| 610 |
1 |
|
|a авторефераты диссертаций
|
| 610 |
1 |
|
|a библиотека А. Г. Стромберга
|
| 675 |
|
|
|a 546.15(04)
|v 3
|
| 686 |
|
|
|a 02.072
|2 oksvnk
|
| 700 |
|
1 |
|a Новиков
|b А. Н.
|
| 712 |
0 |
2 |
|a Томский государственный университет (ТГУ)
|2 stltpush
|3 (RuTPU)RU\TPU\col\397
|
| 801 |
|
1 |
|a RU
|b 63413507
|c 20161006
|
| 801 |
|
2 |
|a RU
|b 63413507
|c 20181009
|g RCR
|
| 942 |
|
|
|c BK
|